00504nam a2200169Ia 450000500170000000800410001708200150005810000240007324500290009726000480012630000190017465000130019365000130020694200060021995200940022599900150031920240809051949.0240331s9999 xx 000 0 und d bSARa398.2 aSarachchandra, E.R. 4aThe Folk Drama of Ceylon aCeylonbThe Dept. of Cultural Affairsc1966 axiii, 189 p ., aCultural aReligion cL 001040708LaWERCLbWERCLcSSCd2024-03-31l0o 398.2 SARp3r2024-03-31w2024-03-31yL c2998d2998